| 000 | 00554nam a22001817a 4500 | ||
|---|---|---|---|
| 999 |
_c525032 _d525032 |
||
| 003 | NUST | ||
| 005 | 20190628050156.0 | ||
| 008 | 190628b ||||| |||| 00| 0 eng d | ||
| 038 | _aMr. Zahoor | ||
| 082 | _a621.3 | ||
| 100 |
_aJunaid Anwar _915824 |
||
| 245 |
_aPerformance Comparison of NOn -linear Observers for Quadrotor Unmanned Aerial Tehicle / _cJunaid Anwar |
||
| 260 |
_aIslambad : _bCEME NUST, _c2015. |
||
| 300 |
_aill : 58 p. ; _c30cm. |
||
| 500 | _aHardcover. | ||
| 600 |
_aElectrical Engineering -MS- Thesis _915630 |
||
| 942 |
_2ddc _cTHE |
||